Anagrammes - Prénoms masculins - Série 10 - Statistiques

Statistiques générales
  • Ce quiz a été pris 174 fois
  • Le résultat moyen est 8 sur 10
Statistiques - réponses
Anagramme Prénom % Correct
LIEE Elie
95%
MINOS Simon
90%
NUJITS Justin
86%
MARITAL Martial
83%
FINMIR Firmin
82%
ULEMAS Samuel
80%
CARMEAU Marceau
79%
BALE Abel
73%
OEIL Eloi
70%
CANTTONS Constant
28%
Aucun quiz correspondant
Distribution des résultats
% des personnes avec chaque résultat
Percentile par nombre de réponses
Votre historique - résultats
Vous n’avez pas pris ce quiz